Представление документа в формате RUSMARC

Поле Инд. ПП Название Значение
Тип записи a
Библиографический уровень a
001 Контрольный номер 3bc048059d834b6fad0350795f8e81f5
005 Дата корректировки 20181120134550.3
100 a Данные общей обработки 20180301 ||| 0rusy0189 ca
101 0_ a Язык текста rus
102 a Страна публикации RU
200 1_ f Первые сведения об ответственности Е.С. Смагина
a Заглавие Новые правила размещения судебных актов в сети Интернет в свете реализации принципа гласности в гражданском судопроизводстве
b Общее обозначение материала Текст
210 d Дата издания 2018
461 _0 1 2000
a Арбитражный и гражданский процесс
463 _0 1 2000
a №1
v С.26-29
1 2101
d 2018
1 0012758997fc00346d5beea369ab3c42219
606 a Основная рубрика Гражданское процессуальное право
610 0_ a Ключевые слова СУДЕБНЫЕ АКТЫ; ИНТЕРНЕТ; ИНФОРМАЦИОННО-КОММУНИКАЦИОННЫЕ ТЕХНОЛОГИИ; ИНФОРМАТИЗАЦИЯ СУДОВ
700 _1 a Фамилия Смагина
b Имя Е.С.
801 _0 a Страна RU
b Организация РГУП
c Дата составления 20180301
g Правила каталогизации PSBO
801 _1 a Страна RU
b Организация РГУП
c Дата составления 20180301
g Правила каталогизации PSBO
901 t Тип документа b
w Контрольный № источника 2758997fc00346d5beea369ab3c42219
905 a Дата ввода 20180301